| 000 | 00771pam a2200265 a 4500 | ||
|---|---|---|---|
| 001 | 444390 | ||
| 003 | NUST - PNEC | ||
| 005 | 20170116181004.0 | ||
| 008 | 821025s1983 nyua b 001 0 eng | ||
| 010 | _a 82020878 | ||
| 020 | _a0070255520 | ||
| 020 | _a007Y663149 | ||
| 040 | _cLIBRARY | ||
| 082 | 0 | 0 | _a621.38195 HAL |
| 100 | 1 | _aHall, Douglas V. | |
| 245 | 1 | 0 |
_aMicroprocessors and digital systems _cDouglas V. Hall. |
| 250 | _a2nd ed. | ||
| 260 |
_aNew York : _bGregg Division, McGraw-Hill, _cc.1983 |
||
| 300 |
_avi, 474 p. : _bill. ; _c29 cm. |
||
| 504 | _aIncludes bibliographical references and index. | ||
| 650 | 0 | _aMicroprocessors. | |
| 650 | 0 |
_aDigital electronics. _xEL |
|
| 906 |
_a7 _bcbc _corignew _d1 _eocip _f19 _gy-gencatlg |
||
| 942 |
_2ddc _cBK |
||
| 999 |
_c66810 _d66810 |
||